000 00535nam a2200169Ia 4500
008 090711s9999 xx 000 0 und d
082 _b1046
100 _aतिबिले अनंत
245 _aखुनाSो रहस्य
260 _bशांती पब्लिकेशन्स
_c1998
300 _a182
600 _aतिबिले अनंत
630 _aखुनाSो रहस्य
700 _aतिबिले अनंत
730 _aखुनाSो रहस्य
942 _cBOOK
999 _c333887
_d333887